000 00655nam a2200217Ia 4500
003 OSt
005 20230411155605.0
008 210423s2017 xx 000 0 und d
020 _a978-93-83765-21-8
040 _cAL
041 _aeng
082 _a894.815
_223
_bCHOM
100 _aCHOWTA (D K)
_986403
245 _aMittabail Yamunakka: a tale of a landlords household
_cGOWDA (Chinnappa K);RAO (Surendra B)
260 _aMangalore
_bAakrithi Aashaya Publications
_c2017
300 _axvi,416
_bPB
365 _b500
_cINR
650 _aTulu Literature
_986404
906 _ahousehold ; landlords ; Mittabail ; tale ; Yamunakka:
942 _2ddc
_cBK
999 _c169698
_d169698